00237nam a2200097Ia 4500008004100000100001700041245003700058260002300095260000900118546001200127170619s9999 xx 000 0 und d aVenkatesh- A 0aBasic Engineering Thermodynamics bUNIVERSITIES PRESS c2010 aENGLISH